[Event "Rheinhessen-ch HTA"]
[Site "Gau Algesheim"]
[Date "2010.03.27"]
[Round "2"]
[White "Marbe, Andre"]
[Black "Schneider, Johannes"]
[Result "0-1"]
[WhiteElo "1607"]
[BlackElo "1883"]
[PlyCount "106"]
[EventDate "2010.03.27"]
[EventType "swiss"]
[EventRounds "7"]
[EventCountry "GER"]
[SourceTitle "EXT 2012"]
[Source "ChessBase"]
[SourceDate "2011.11.24"]
[SourceVersion "1"]
[SourceVersionDate "2011.11.24"]
[SourceQuality "1"]

1. d4 d5 2. Nf3 Nf6 3. c4 c6 4. Nc3 e6 5. Bg5 Nbd7 6. e3 Qa5 7. Bxf6 Nxf6 8. Bd3 Qb4 9. Qb3 dxc4 10. Qxb4 Bxb4 11. Bxc4 Nd5 12. Rc1 Bd7 13. 0-0 Rd8 14. Rfe1 0-0 15. e4 Nf4 16. g3 Ng6 17. a3 Ba5 18. b4 Bc7 19. Red1 Rfe8 20. Kg2 h5 21. h4 a5 22. b5 Bd6 23. a4 Ba3 24. Rb1 Bb4 25. Na2 cxb5 26. Bxb5 Bxb5 27. axb5 Be7 28. d5 exd5 29. exd5 Rd6 30. Rbc1 Red8 31. Rc7 R8d7 32. Rxd7 Rxd7 33. Nc3 Bb4 34. Na4 Ne7 35. Ne5 Rxd5 36. Rxd5 Nxd5 37. Nd3 Kf8 38. Kf3 Ke7 39. Ke4 Kd6 40. f3 Nc3+ 41. Nxc3 Bxc3 42. g4 hxg4 43. fxg4 a4 44. h5 a3 45. Nc1 Kc5 46. Kd3 Bb2 47. Na2 f6 48. b6 Kxb6 49. Kc4 Kc6 50. Nb4+ Kd6 51. Kd3 Ke5 52. Ke3 Bc1+ 53. Kf3 Kd4 0-1